|
|
|
แสดงรายละเอียดบรรณานุกรม |
|
|
Brief Record
: Get Marc (ISO 2709)
: E-mail record
: |
|
|
| LEADER 00000nam 2200000uu 4500 | |||
| 001 13399128783 | |||
| 003 BCNR | |||
| 008 260501s2568||||th 000 0 tha d | |||
| 020 ^a9786164263956 | |||
| 041 ^atha | |||
| 060 4 ^aWC202^bส839ร 2568 | |||
| 100 0 ^aสุภาวดี มากะนัดถ์ | |||
| 245 00 ^aโรคปอดอักเสบในผู้ใหญ่ =^bPneumonia in adults /^cสุภาวดี มากะนัดถ์ | |||
| 246 31 ^aPneumonia in adults | |||
| 250 ^aพิมพ์ครั้งที่ 1 | |||
| 260 ^aพิษณุโลก :^bสำนักพิมพ์มหาวิทยาลัยนเรศวร,^c2568 | |||
| 300 ^a215 หน้า :^bภาพประกอบ, ตาราง ;^c26 ซม. | |||
| 505 0 ^aบทที่ 1 บทนำ โรคปอดอักเสบ -- บทที่ 2 โรคปอดอักเสบชุมชน -- บทที่ 3 โรคปอดอักเสบในโรงพยาบาล -- บทที่ 4 โรคปอดอักเสบที่สัมพันธ์กับเครื่องช่วยหายใจ -- บทที่ 5 โรคปอดอักเสบในผู้ที่มีภูมิคุ้มกันบกพร่อง -- บทที่ 6 โรคปอดอักเสบจากการสำลัก -- บทที่ 7 โรคปอดอักเสบจากการติดเชื้อโควิด 19 | |||
| 650 4 ^aปอดอักเสบ | |||
| 650 4 ^aปอดอักเสบ^xในวัยผู้ใหญ่ | |||
| 999 ^aบรรณารักษ์ | |||
| คุณยังไม่ได้ล็อกอิน คุณสามารถมีกิจกรรมร่วมกับเว็บไซต์ได้ แต่ต้องล็อกอินก่อน :: |
|
| สถานะ | |||||||||
| 1. | หนังสือ | WC202 ส839ร 2568 c.1 Barcode: 087719 | ►หนังสือทั่วไป | On Shelf *รอนำขึ้นชั้น | |||||
| 2. | หนังสือ | WC202 ส839ร 2568 c.2 Barcode: 087720 | ►หนังสือทั่วไป | On Shelf *รอนำขึ้นชั้น | |||||
| 3. | หนังสือ | WC202 ส839ร 2568 c.3 Barcode: 087721 | ►หนังสือทั่วไป | On Shelf *รอนำขึ้นชั้น | |||||
| 4. | หนังสือ | WC202 ส839ร 2568 c.4 Barcode: 087722 | ►หนังสือทั่วไป | On Shelf *รอนำขึ้นชั้น | |||||
| 5. | หนังสือ | WC202 ส839ร 2568 c.5 Barcode: 087723 | ►หนังสือทั่วไป | On Shelf *รอนำขึ้นชั้น | |||||
| 6. | หนังสือ | WC202 ส839ร 2568 c.6 Barcode: 087724 | ►หนังสือทั่วไป | On Shelf *รอนำขึ้นชั้น | |||||
| 7. | หนังสือ | WC202 ส839ร 2568 c.7 Barcode: 087725 | ►หนังสือทั่วไป | On Shelf *รอนำขึ้นชั้น | |||||
| 8. | หนังสือ | WC202 ส839ร 2568 c.8 Barcode: 087726 | ►หนังสือทั่วไป | On Shelf *รอนำขึ้นชั้น | |||||
| 9. | หนังสือ | WC202 ส839ร 2568 c.9 Barcode: 087727 | ►หนังสือทั่วไป | On Shelf *รอนำขึ้นชั้น | |||||
| 10. | หนังสือ | WC202 ส839ร 2568 c.10 Barcode: 087728 | ►หนังสือทั่วไป | On Shelf *รอนำขึ้นชั้น | |||||
| [แสดง 10/10 รายการ] | |||||||||
BibComment |
| คอมเมนท์ทรัพยากรรายการนี้ |
|
|